| 000 | 01313cam a2200301 4500 | ||
|---|---|---|---|
| 001 | ABS64636 | ||
| 008 | 011022n2001 000 0 eng u | ||
| 035 | _a(Sirsi) u115241 | ||
| 100 | _aGreen, B | ||
| 245 | _aUncertain times ahead for construction sector | ||
| 260 | _c2001 | ||
| 490 |
_aConstruction News _v(6735) 27 September 2001, 13(1) |
||
| 520 | _aConsiders the impact of the World Trade Center terror attacks on the UK construction industry. The industry is currently buoyant with public-sector growth in the pipe-line, but Britain's participation in a war against terrorism is likely to affect government spending plans. Highlights the hot and cold spots in the construction market; road contracts and contracts awarded in the education and commercial sectors are still prospering while contracts awarded for retail buildings and leisure work have slumped. | ||
| 590 | _aABS | ||
| 650 | _aWORLD TRADE CENTER | ||
| 650 | _aUNITED STATES | ||
| 650 | _aTERRORISM | ||
| 650 | _aCONSTRUCTION INDUSTRY | ||
| 650 | _aCONSTRUCTION MARKET | ||
| 650 |
_aContracts _96232 |
||
| 650 | _aCOMMERCIAL SECTOR | ||
| 650 | _aRETAIL SECTOR | ||
| 650 | _aLEISURE SECTOR | ||
| 650 | _aEDUCATION SECTOR | ||
| 650 | _aROAD CONTRACTS | ||
| 690 | _aBUILT ENVIRONMENT-CONSTRUCTION MARKET | ||
| 942 | _n0 | ||
| 999 |
_c68627 _d68627 |
||